Most Points For Each Day Of The 2022-23 NBA Regular Season - Statistics

General Stats
  • This quiz has been taken 49 times
  • The average score is 42 of 54
Answer Stats
Team Player Days Led % Correct
Philadelphia 76ers Joel Embiid 9
100%
Milwaukee Bucks Giannis Antetokounmpo 11
95%
Boston Celtics Jayson Tatum 8
95%
Dallas Mavericks Luka Dončić 13
95%
Atlanta Hawks Trae Young 3
95%
Denver Nuggets Bruce Brown 1
93%
Portland Trailblazers Damian Lillard 10
93%
Phoenix Suns Devin Booker 5
93%
Boston Celtics Jaylen Brown 3
93%
Golden State Warriors Stephen Curry 6
93%
Los Angeles Lakers Anthony Davis 3
90%
Chicago Bulls DeMar DeRozan 3
90%
Cleveland Cavaliers Donovan Mitchell 8
90%
Philadelphia 76ers James Harden 3
90%
Memphis Grizzlies Ja Morant 6
90%
Brooklyn Nets Kevin Durant 4
90%
Los Angeles Lakers LeBron James 4
90%
Denver Nuggets Nikola Jokić 3
90%
Oklahoma City Thunder Shai Gilgeous-Alexander 5
90%
Minnesota Timberwolves Anthony Edwards 2
88%
New York Knicks Jalen Brunson 4
88%
Golden State Warriors Klay Thompson 1
88%
Brooklyn Nets, Dallas Mavericks Kyrie Irving 4
88%
Chicago Bulls Zach LaVine 3
88%
Sacramento Kings De'Aaron Fox 1
85%
Philadelphia 76ers Tyrese Maxey 2
85%
Memphis Grizzlies Jaren Jackson Jr. 2
83%
Miami Heat Jimmy Butler 1
80%
New York Knicks Julius Randle 4
80%
Los Angeles Clippers Paul George 3
80%
Utah Jazz Lauri Markkanen 5
78%
Washington Wizards Bradley Beal 2
76%
Houston Rockets Jalen Green 3
76%
Miami Heat Tyler Herro 1
76%
Milwaukee Bucks Jrue Holiday 2
73%
Portland Trailblazers Anfernee Simons 1
71%
New Orleans Pelicans CJ McCollum 1
71%
Cleveland Cavaliers Darius Garland 1
71%
Charlotte Hornets LaMelo Ball 1
71%
Orlando Magic Paolo Banchero 1
71%
Toronto Raptors Pascal Siakam 1
71%
Los Angeles Clippers Kawhi Leonard 2
68%
Memphis Grizzlies Desmond Bane 1
66%
Golden State Warriors Jordan Poole 2
66%
Washington Wizards Kyle Kuzma 3
66%
Brooklyn Nets Cam Thomas 4
61%
Atlanta Hawks Dejounte Murray 1
61%
Brooklyn Nets Mikal Bridges 3
61%
Toronto Raptors Fred VanVleet 1
54%
Chicago Bulls Nikola Vučević 1
51%
Portland Trailblazers Jerami Grant 1
49%
Utah Jazz Jordan Clarkson 1
39%
New York Knicks Immanuel Quickley 1
22%
New Orleans Pelicans Trey Murphy III 1
7%
No matching quizzes found
Score Distribution
Percent of People with Each Score
Percentile by Number Answered
Your Score History
You have not taken this quiz